000 00844cam a22002413a 4500
001 17541
003 PGUSA
005 20140828083356.0
008 060118s2006||||xxu|||||s|||||000 e eng d
040 _aPGUSA
_beng
042 _adc
050 4 _aPQ
100 1 _aGourmont, Remy de,
_d1858-1915
245 1 0 _aLa culture des idées
_h[electronic resource] /
_cRemy de Gourmont
260 _bProject Gutenberg,
_c2006
505 0 _aDu style ou de l'écriture -- La création subconsciente -- La dissociation des idées -- Stéphane Mallarmé et l'idée de décadence -- Le paganisme éternel -- La morale de l'amour -- Ironies et paradoxes.
506 _aPublic domain in the USA.
516 _aElectronic text
653 _aEssays
830 0 _aProject Gutenberg
_v17541
856 4 0 _uhttp://www.gutenberg.org/ebooks/17541
942 _cEB
999 _c246796
_d246796